000 00553nam a2200193Ia 4500
005 20250923145112.0
008 008 250917s9999 xx 000 0 eng d
037 _aTextual
040 _aDSWL
_beng
_cDSWL
041 _aeng
_2eng
084 _aY:7:7:g.1(Y:434), N66
_qDSWL
245 0 _aCasebook of social change
_cEd.by Arthur H. Niehoff
260 _aChicago
_bAline Publiing Co.
_c1966
300 _a254 p.
365 _aUSD
_b6
925 _g6
942 _cTEXL
_hY:7:7:g.1(Y:434), N66
999 _c1447117
_d1447117